000 00683nam a2200229Ia 4500
003 OSt
005 20220924123342.0
006 a|||||r|||| 00| 0
007 ta
008 220923b |||||||| |||| 00| 0 fre d
024 _a144732
037 _cTextual
040 _aARTS
_cARTS
_bfre
041 _2fre
_afre
082 _aY176:1, 122J9(906)
100 _aDiop Cheikh Anta
_9115170
245 0 _aUnite culturelle de l'Afrique noire
_b Domaines du patriarcat et du matriarcat dans l'antiquite classique
260 _aNA
_bNA
_c1959
650 _aSOCIOLOGY
942 _hY176:1, 122J9(906)
_cTEXL
_2CC
999 _c415383
_d415383